000 01149nam a22002297a 4500
003 NALT
005 20260109131413.0
008 s2558 th tha d
020 _a9789744498106
040 _aNALT
041 _atha
050 _aJS 7153.4.A1
_bว874ข 2558
100 0 _aวุฒิสาร ตันไชย.
_93158
245 1 0 _aข้อเสนอเชิงนโยบายนวัตกรรมการพัฒนารายได้ขององค์กรปกครองส่วนท้องถิ่น /
_cวุฒิสาร ตันไชย... [และคนอื่น ๆ].
260 _aกรุงเทพฯ :
_bสถาบันพระปกเกล้า,
_c2558.
300 _a50 หน้า :
_bแผนภูมิ, ตาราง ;
_c21 ซม.
650 4 _aการคลังท้องถิ่น
_zไทย
_95462
650 4 _aองค์กรปกครองส่วนท้องถิ่น
_910804
_xรายได้
850 _aNALT
942 _cGB
_2lcc
999 _c74512
_d74512
998 _j1020
_k นางจำเรียง ระวังสำโรง